Spoonerisms #01 - Statistics

General Stats
  • This quiz has been taken 681 times
  • The average score is 11 of 12
Answer Stats
# Spoonerism Answer % Correct
01. fighting a liar lighting a fire
98%
02. you hissed my mystery lecture you missed my history lecture
96%
03. cattle ships and bruisers battle ships and cruisers
95%
05. a blushing crow a crushing blow
92%
07. our queer old Dean our dear old Queen
92%
06. tons of soil sons of toil
92%
10. our shoving leopard our loving shepherd
90%
08. we'll have the hags flung out we'll have the flags hung out
90%
12. is the bean dizzy? is the Dean busy?
89%
09. you've tasted two worms you've wasted two terms
79%
04. nosey little cook cosy little nook
75%
11. a half-warmed fish a half-formed wish
66%
No matching quizzes found
Score Distribution
Percent of People with Each Score
Percentile by Number Answered
Your Score History
You have not taken this quiz